| 000 | 00631nam a22001817a 4500 | ||
|---|---|---|---|
| 003 | BD-DhUL | ||
| 005 | 20170517121415.0 | ||
| 008 | 170517s2001 bg ||||| |||| 00| 0 ben d | ||
| 040 |
_aBD-DhUL _cBD-DhUL |
||
| 082 |
_a891.443 _bMAA |
||
| 100 | 1 | _aরহমান, মাহবুবুর | |
| 245 | 0 | 0 |
_aআরও আঘাত সইবে আমার / _cমাহবুবুর রহমান |
| 260 |
_aঢাকা : _bবিশ্ববাণী, _c২০০১ |
||
| 300 |
_a ৬১ পৃ. ; _c২২ সেমি. |
||
| 650 | 4 | _aবাংলা উপন্যাস | |
| 650 | 4 | _aBengali fiction | |
| 942 |
_2ddc _cBK |
||
| 999 |
_c198413 _d198413 |
||